[Event "Keres Memorial rap 33rd"]
[Site "Tallinn"]
[Date "2024.01.07"]
[Round "11"]
[White "Kulaots, Kaido"]
[Black "Seeman, Tarvo"]
[Result "1-0"]
[WhiteElo "2525"]
[BlackElo "2389"]
[PlyCount "82"]
[EventDate "2024.01.06"]
[EventType "swiss (rapid)"]
[EventRounds "11"]
[EventCountry "EST"]
[SourceTitle "CB02_2024"]
[SourceDate "2024.01.10"]
[SourceVersion "1"]
[SourceVersionDate "2024.01.10"]
[SourceQuality "1"]

1. e4 c5 2. Nf3 Nc6 3. Bb5 g6 4. 0-0 Bg7 5. c3 Nf6 6. Re1 0-0 7. h3 a6 8. Bxc6 bxc6 9. d4 cxd4 10. cxd4 a5 11. Nc3 Ba6 12. Bf4 Qb6 13. Qd2 Rfe8 14. Bh6 Bh8 15. Rac1 d6 16. b3 Qb4 17. Qg5 a4 18. Nxa4 d5 19. exd5 cxd5 20. Nc5 Ne4 21. Qxd5 Nf6 22. Qg5 Bc8 23. a4 Bf5 24. g4 Bc8 25. Ne5 Qxd4 26. Red1 Qb4 27. Qf4 Qb6 28. g5 Bxh3 29. gxf6 exf6 30. Ned7 Qc6 31. Qg3 Bf5 32. Rd6 Bxd7 33. Rxc6 Bxc6 34. Qd6 Bf3 35. Nd7 Re6 36. Nb8 Re8 37. Nc6 Bg7 38. Bxg7 Kxg7 39. Nd4 Bb7 40. Qd7 Rab8 41. b4 Re5 1-0

[Event "Viljandi Raud Memorial 57th"]
[Site "Viljandi"]
[Date "2023.07.06"]
[Round "6"]
[White "Andrijashkin, Deniss"]
[Black "Seeman, Tarvo"]
[Result "0-1"]
[WhiteElo "2144"]
[BlackElo "2408"]
[PlyCount "84"]
[EventDate "2023.07.02"]
[EventType "swiss"]
[EventRounds "9"]
[EventCountry "EST"]
[SourceTitle "CBM 215 Extra"]
[Source "ChessBase"]
[SourceDate "2023.09.30"]
[SourceVersion "1"]
[SourceVersionDate "2023.09.30"]
[SourceQuality "1"]

1. d4 Nf6 2. c4 g6 3. Nc3 Bg7 4. e4 d6 5. Be2 0-0 6. Be3 c5 7. d5 e6 8. Nf3 exd5 9. cxd5 Bg4 10. 0-0 Bxf3 11. Bxf3 Nbd7 12. Be2 Re8 13. Qc2 a6 14. a4 Qe7 15. f3 Rac8 16. a5 Nh5 17. Ra4 f5 18. Bf2 f4 19. g4 fxg3 20. hxg3 Bd4 21. Kg2 Bxf2 22. Kxf2 Rf8 23. Qd2 Qe5 24. Rg1 Rf7 25. f4 Nxf4 26. gxf4 Rxf4+ 27. Ke1 Rcf8 28. Bg4 Rf2 29. Qxf2 Rxf2 30. Kxf2 Qf4+ 31. Ke2 Qh2+ 32. Kf1 Ne5 33. Be2 Qf4+ 34. Kg2 Qd2 35. Raa1 Qxb2 36. Rgc1 Nd3 37. Rab1 Qd2 38. Rf1 Qxc3 39. Rxb7 Qd2 40. Rb8+ Kg7 41. Kf3 Ne5+ 42. Kf2 Ng4+ 0-1

[Event "Viljandi Raud Memorial 57th"]
[Site "Viljandi"]
[Date "2023.07.03"]
[Round "2"]
[White "Rychagov, Nikita1111"]
[Black "Seeman, Tarvo"]
[Result "1-0"]
[WhiteElo "2107"]
[BlackElo "2408"]
[PlyCount "65"]
[EventDate "2023.07.02"]
[EventType "swiss"]
[EventRounds "9"]
[EventCountry "EST"]
[SourceTitle "CBM 215 Extra"]
[Source "ChessBase"]
[SourceDate "2023.09.30"]
[SourceVersion "1"]
[SourceVersionDate "2023.09.30"]
[SourceQuality "1"]

1. e4 c5 2. Nf3 Nc6 3. d4 cxd4 4. Nxd4 Qb6 5. Nb3 Nf6 6. Nc3 e6 7. Be3 Qc7 8. a3 Be7 9. f4 0-0 10. Qe2 d5 11. e5 Ne8 12. 0-0-0 f6 13. exf6 Bxf6 14. Qd2 Nd6 15. Nb5 Nxb5 16. Bxb5 a6 17. Bd3 a5 18. Kb1 a4 19. Nc1 b5 20. Na2 b4 21. axb4 a3 22. b3 Bd7 23. Bc5 Rfe8 24. g4 Bb2 25. Be2 Kh8 26. Bf3 Rec8 27. Rhe1 Na7 28. f5 exf5 29. Bxd5 Nc6 30. Bc4 Rd8 31. Be7 fxg4 32. Bxd8 Rxd8 33. Qxd7 1-0

[Event "Viljandi Valgmae Memorial"]
[Site "Viljandi"]
[Date "2023.07.01"]
[Round "6"]
[White "Ehlvest, Jaan"]
[Black "Seeman, Tarvo"]
[Result "1-0"]
[WhiteElo "2530"]
[BlackElo "2408"]
[PlyCount "57"]
[EventDate "2023.07.01"]
[EventType "swiss (rapid)"]
[EventRounds "9"]
[EventCountry "EST"]
[SourceTitle "CBM 215 Extra"]
[Source "ChessBase"]
[SourceDate "2023.09.30"]
[SourceVersion "1"]
[SourceVersionDate "2023.09.30"]
[SourceQuality "1"]

1. e4 c5 2. Nf3 g6 3. d4 Bg7 4. d5 Nf6 5. Nc3 d6 6. Be2 0-0 7. 0-0 Bg4 8. Bg5 Na6 9. Nd2 Bxe2 10. Qxe2 Nc7 11. a4 Qd7 12. h3 Rae8 13. Qd3 h5 14. Nc4 a6 15. a5 Nb5 16. Na4 e6 17. Nab6 Qc7 18. c3 Nd7 19. dxe6 fxe6 20. Nxd7 Qxd7 21. Rad1 Qc6 22. Rfe1 d5 23. exd5 exd5 24. Rxe8 Rxe8 25. Qxd5+ Qxd5 26. Rxd5 Re1+ 27. Kh2 Re2 28. Be3 Bf8 29. Rd7 1-0

[Event "Viljandi Valgmae Memorial"]
[Site "Viljandi"]
[Date "2023.07.01"]
[Round "9"]
[White "Kulaots, Kaido"]
[Black "Seeman, Tarvo"]
[Result "1-0"]
[WhiteElo "2505"]
[BlackElo "2408"]
[PlyCount "95"]
[EventDate "2023.07.01"]
[EventType "swiss (rapid)"]
[EventRounds "9"]
[EventCountry "EST"]
[SourceTitle "CBM 215 Extra"]
[Source "ChessBase"]
[SourceDate "2023.09.30"]
[SourceVersion "1"]
[SourceVersionDate "2023.09.30"]
[SourceQuality "1"]

1. e4 c5 2. Nf3 g6 3. d4 Bg7 4. Nc3 cxd4 5. Nxd4 Nc6 6. Be3 Nf6 7. Bc4 0-0 8. Bb3 d6 9. f3 Bd7 10. h4 Ne5 11. Qd2 Qa5 12. 0-0-0 Rfc8 13. Kb1 h5 14. Bh6 Rxc3 15. Bxg7 Kxg7 16. Qxc3 Qxc3 17. bxc3 Rc8 18. Rhe1 Rc5 19. Kb2 Be8 20. f4 Neg4 21. Nf3 Bc6 22. Ng5 Nf2 23. Rd4 e5 24. fxe5 dxe5 25. Rd6 N2xe4 26. Rxc6 Rxc6 27. Nxe4 Nxe4 28. Rxe4 Rc5 29. Rc4 Rxc4 30. Bxc4 f5 31. Bd5 b6 32. c4 Kf6 33. c5 bxc5 34. Kc3 g5 35. hxg5+ Kxg5 36. Kc4 e4 37. Kxc5 Kf4 38. Kd4 h4 39. Be6 e3 40. Kd3 Ke5 41. Bc8 f4 42. Ke2 Kd4 43. Ba6 Kc3 44. Kf3 Kxc2 45. Kxf4 Kd2 46. Kg4 e2 47. Bxe2 Kxe2 48. Kxh4 1-0

[Event "Viljandi Valgmae Memorial"]
[Site "Viljandi"]
[Date "2023.07.01"]
[Round "4"]
[White "Laurusas, Tomas"]
[Black "Seeman, Tarvo"]
[Result "1-0"]
[WhiteElo "2566"]
[BlackElo "2408"]
[PlyCount "125"]
[EventDate "2023.07.01"]
[EventType "swiss (rapid)"]
[EventRounds "9"]
[EventCountry "EST"]
[SourceTitle "CBM 215 Extra"]
[Source "ChessBase"]
[SourceDate "2023.09.30"]
[SourceVersion "1"]
[SourceVersionDate "2023.09.30"]
[SourceQuality "1"]

1. e3 Nf6 2. b3 g6 3. Bb2 Bg7 4. Nf3 0-0 5. c4 d6 6. Nc3 e5 7. d4 e4 8. Nd2 Re8 9. Qc2 Nc6 10. a3 Bf5 11. Ne2 h5 12. Ng3 Qd7 13. Nxf5 Qxf5 14. h3 h4 15. Be2 Ne7 16. d5 c6 17. dxc6 Nxc6 18. 0-0 Ne5 19. Rad1 Rac8 20. Qb1 Rcd8 21. b4 b6 22. Nb3 Nf3+ 23. Bxf3 exf3 24. Qxf5 gxf5 25. gxf3 d5 26. c5 f4 27. Rfe1 bxc5 28. Nxc5 Nh7 29. Bxg7 Kxg7 30. Rd4 Ng5 31. Kg2 fxe3 32. fxe3 Ne6 33. Nxe6+ Rxe6 34. Kf2 Ra6 35. Ra1 Rc8 36. Ra2 Rc3 37. a4 Rc4 38. Rxc4 dxc4 39. b5 Rb6 40. Rc2 a6 41. Rxc4 axb5 42. axb5 Rxb5 43. Rxh4 f5 44. Rd4 Kf6 45. Kg3 Rb1 46. h4 Rg1+ 47. Kf4 Rh1 48. Rd6+ Ke7 49. Rh6 Rh3 50. Rh5 Ke6 51. Rh6+ Ke7 52. Rh5 Ke6 53. Rh8 Kf6 54. Rf8+ Ke6 55. Rxf5 Rxh4+ 56. Kg3 Rh1 57. Rb5 Kf6 58. e4 Rg1+ 59. Kf4 Rh1 60. Rb6+ Ke7 61. Ke5 Rh5+ 62. Kd4 Rh1 63. f4 1-0

[Event "Kuressaare EST-LAT-LTU"]
[Site "Kuressaare"]
[Date "2023.06.01"]
[Round "1.3"]
[White "Seeman, Tarvo"]
[Black "Mustaps, Matiss"]
[Result "1/2-1/2"]
[WhiteElo "2408"]
[BlackElo "2329"]
[PlyCount "28"]
[EventDate "2023.06.01"]
[EventType "team-tourn"]
[EventRounds "3"]
[EventCountry "EST"]
[SourceTitle "CBM 214 Extra"]
[Source "ChessBase"]
[SourceDate "2023.07.31"]
[SourceVersion "1"]
[SourceVersionDate "2023.07.31"]
[SourceQuality "1"]
[WhiteTeam "Estonia"]
[BlackTeam "Latvia"]
[WhiteTeamCountry "EST"]
[BlackTeamCountry "LAT"]

1. Nf3 Nf6 2. g3 g6 3. Bg2 Bg7 4. 0-0 0-0 5. d4 d6 6. a4 a5 7. Re1 Nc6 8. e4 e5 9. dxe5 dxe5 10. Qxd8 Rxd8 11. Na3 Nb4 12. Nxe5 Nxe4 13. Bxe4 Bxe5 14. c3 Nd5 1/2-1/2

[Event "EST-ch"]
[Site "Tallinn"]
[Date "2022.12.13"]
[Round "4"]
[White "Volodin, Aleksandr"]
[Black "Seeman, Tarvo"]
[Result "1/2-1/2"]
[WhiteElo "2440"]
[BlackElo "2405"]
[PlyCount "112"]
[EventDate "2022.12.10"]
[EventType "tourn"]
[EventRounds "9"]
[EventCountry "EST"]
[EventCategory "3"]
[SourceTitle "CBM 211 Extra"]
[Source "ChessBase"]
[SourceDate "2023.01.31"]
[SourceVersion "1"]
[SourceVersionDate "2023.01.31"]
[SourceQuality "1"]

1. d4 Nf6 2. c4 g6 3. Nc3 Bg7 4. e4 d6 5. f3 0-0 6. Be3 Nbd7 7. Qd2 c5 8. Nge2 a6 9. Rd1 Qa5 10. Nc1 cxd4 11. Bxd4 Ne5 12. Nb3 Qb4 13. Qc2 Nc6 14. Bf2 Nd7 15. Be2 Nc5 16. 0-0 Be6 17. Nd5 Bxd5 18. exd5 Nxb3 19. dxc6 Nc5 20. a3 Qxb2 21. Qxb2 Bxb2 22. Bxc5 dxc5 23. cxb7 Ra7 24. Rd7 Rb8 25. Rb1 Raxb7 26. Rxb7 Rxb7 27. Kf1 Kf8 28. f4 e6 29. Bf3 Rb8 30. Ke2 Ke7 31. Be4 h5 32. g3 a5 33. Bc6 Rb6 34. Ba4 Rb8 35. Kf3 Kf6 36. h4 Ke7 37. Ke2 Rb6 38. Kf3 Rb7 39. Ke2 Rb8 40. Bd1 Kd6 41. Bc2 Kc7 42. Ba4 Kd6 43. Kd3 Kc7 44. Kc2 Bxa3 45. Rxb8 Kxb8 46. Be8 Kc7 47. Bxf7 Kd6 48. Bxg6 Bb4 49. Bxh5 Be1 50. g4 Bxh4 51. g5 Bf2 52. Bg4 Be3 53. g6 Bd4 54. Kb3 Ke7 55. Ka4 Kf6 56. Kxa5 Kxg6 1/2-1/2

[Event "Keres Memorial rap 31st"]
[Site "Tallinn"]
[Date "2022.09.11"]
[Round "11"]
[White "Valgmae, Toomas"]
[Black "Seeman, Tarvo"]
[Result "0-1"]
[WhiteElo "2270"]
[BlackElo "2405"]
[PlyCount "104"]
[EventDate "2022.09.10"]
[EventType "swiss (rapid)"]
[EventRounds "11"]
[EventCountry "EST"]
[SourceTitle "CBM 210 Extra"]
[Source "ChessBase"]
[SourceDate "2022.11.30"]
[SourceVersion "1"]
[SourceVersionDate "2022.11.30"]
[SourceQuality "1"]

1. d4 Nf6 2. c4 g6 3. Nc3 Bg7 4. e4 d6 5. Be2 0-0 6. Bg5 Na6 7. Nf3 h6 8. Bf4 e5 9. dxe5 Nh5 10. Be3 dxe5 11. 0-0 Nf4 12. Qb3 c6 13. Rfd1 Qe7 14. Bf1 Bg4 15. Ne2 Bxf3 16. gxf3 Ne6 17. Kh1 Rfd8 18. Rxd8+ Rxd8 19. Rd1 Nd4 20. Nxd4 exd4 21. Bf4 Nc5 22. Qa3 b6 23. Bg3 a5 24. Bd3 h5 25. h3 Rd7 26. Kg2 Bh6 27. Bb1 Kh7 28. e5 h4 29. Bh2 Ne6 30. Qxe7 Rxe7 31. Re1 Bf4 32. Re4 Bxh2 33. Rxh4+ Kg7 34. Kxh2 Rd7 35. Re4 d3 36. Re1 Rd4 37. Rd1 Nf4 38. Kg3 a4 39. h4 Kf8 40. Kh2 Ke7 41. Kg1 Ke6 42. Kf1 Kxe5 43. Ke1 d2+ 44. Rxd2 Ng2+ 45. Ke2 Nxh4 46. Rc2 c5 47. b3 a3 48. Rc1 g5 49. Be4 f5 50. Bd5 Ng6 51. Bc6 Nf4+ 52. Ke1 Nd3+ 0-1

[Event "Heart of Finland op 30th"]
[Site "Jyvaskyla"]
[Date "2022.07.19"]
[Round "2"]
[White "Komulainen, Lauri"]
[Black "Seeman, Tarvo"]
[Result "0-1"]
[WhiteElo "1975"]
[BlackElo "2410"]
[PlyCount "72"]
[EventDate "2022.07.18"]
[EventType "swiss"]
[EventRounds "9"]
[EventCountry "FIN"]
[SourceTitle "CBM 209 Extra"]
[Source "ChessBase"]
[SourceDate "2022.09.30"]
[SourceVersion "1"]
[SourceVersionDate "2022.09.30"]
[SourceQuality "1"]

1. d4 g6 2. c4 Bg7 3. Nc3 c5 4. d5 d6 5. e4 Nf6 6. Be2 0-0 7. h3 e6 8. Nf3 Na6 9. 0-0 Re8 10. Nd2 Nc7 11. a4 b6 12. Bd3 Na6 13. Re1 Nb4 14. Bb1 a6 15. Nf3 Ra7 16. Bf4 e5 17. Bg5 h6 18. Be3 Nh5 19. Qd2 g5 20. Ne2 Nf4 21. Ng3 Qf6 22. Nh2 h5 23. f3 Rae7 24. Ra3 Kh8 25. Rc3 Bh6 26. Rcc1 Rg8 27. Nf5 Ree8 28. Kf2 Bxf5 29. exf5 g4 30. hxg4 Qh4+ 31. Kg1 hxg4 32. Nxg4 Rxg4 33. fxg4 Rg8 34. Bxf4 Bxf4 35. Qc3 Rxg4 36. Be4 Na2 0-1

[Event "Heart of Finland op 30th"]
[Site "Jyvaskyla"]
[Date "2022.07.18"]
[Round "1"]
[White "Seeman, Tarvo"]
[Black "Taipale, Reijo"]
[Result "1-0"]
[WhiteElo "2410"]
[BlackElo "1843"]
[PlyCount "49"]
[EventDate "2022.07.18"]
[EventType "swiss"]
[EventRounds "9"]
[EventCountry "FIN"]
[SourceTitle "CBM 209 Extra"]
[Source "ChessBase"]
[SourceDate "2022.09.30"]
[SourceVersion "1"]
[SourceVersionDate "2022.09.30"]
[SourceQuality "1"]

1. c4 g6 2. Nc3 Bg7 3. d4 d6 4. e4 Nd7 5. Be3 e6 6. f4 Ne7 7. Nf3 b6 8. Bd3 Bb7 9. 0-0 0-0 10. Qe1 h6 11. Rd1 f5 12. e5 d5 13. Bf2 a6 14. Bh4 Qe8 15. Bxe7 Qxe7 16. cxd5 exd5 17. Nh4 Qe6 18. g4 c5 19. gxf5 gxf5 20. Ne2 Kh8 21. Ng3 cxd4 22. Ngxf5 Rg8 23. Kh1 Nc5 24. Nxg7 Rxg7 25. f5 1-0

[Event "Viljandi Valgmae Memorial"]
[Site "Viljandi"]
[Date "2022.07.02"]
[Round "3"]
[White "Pultinevicius, Paulius"]
[Black "Seeman, Tarvo"]
[Result "1/2-1/2"]
[WhiteElo "2539"]
[BlackElo "2410"]
[PlyCount "102"]
[EventDate "2022.07.02"]
[EventType "swiss (rapid)"]
[EventRounds "9"]
[EventCountry "EST"]
[SourceTitle "CBM 209 Extra"]
[Source "ChessBase"]
[SourceDate "2022.09.30"]
[SourceVersion "1"]
[SourceVersionDate "2022.09.30"]
[SourceQuality "1"]

1. e4 c5 2. Nf3 g6 3. Bc4 Bg7 4. c3 e6 5. 0-0 Nc6 6. Bb3 d5 7. exd5 exd5 8. d4 cxd4 9. Bg5 Nge7 10. Re1 Bg4 11. Ba4 f6 12. Bxc6+ bxc6 13. Qxd4 Bxf3 14. Bxf6 Bxf6 15. Qxf6 Rf8 16. Qxc6+ Qd7 17. Qxd7+ Kxd7 18. gxf3 Rab8 19. Re2 Nf5 20. Na3 Nh4 21. Rd1 Nxf3+ 22. Kg2 Rf5 23. c4 d4 24. Nb5 Rf4 25. Nxa7 Rbf8 26. h3 R8f5 27. Kg3 h5 28. Nb5 h4+ 29. Kg2 Rg5+ 30. Kh1 Kc8 31. Re4 Rf6 32. Nxd4 Nxd4 33. f4 Rg3 34. Rdxd4 Rxh3+ 35. Kg2 Rg3+ 36. Kh2 g5 37. Re5 gxf4 38. Rc5+ Kb7 39. Rb5+ Kc6 40. Ra5 Kb6 41. Rb5+ Kc6 42. Ra5 Kb6 43. Rb5+ Kc6 44. Rh5 f3 45. Rhxh4 Rg2+ 46. Kh3 f2 47. Rhf4 Rxf4 48. Rxf4 f1Q 49. Rxf1 Rxb2 50. a4 Ra2 51. Rf4 Rxa4 1/2-1/2

[Event "Viljandi Raud Memorial 55th"]
[Site "Viljandi"]
[Date "2021.07.07"]
[Round "5"]
[White "Haitin, Ilja"]
[Black "Seeman, Tarvo"]
[Result "1/2-1/2"]
[WhiteElo "2348"]
[BlackElo "2411"]
[PlyCount "146"]
[EventDate "2021.07.04"]
[EventType "swiss"]
[EventRounds "9"]
[EventCountry "EST"]
[SourceTitle "CBM 203 Extra"]
[Source "ChessBase"]
[SourceDate "2021.09.30"]
[SourceVersion "1"]
[SourceVersionDate "2021.09.30"]
[SourceQuality "1"]

1. e4 c5 2. d3 g6 3. g3 Bg7 4. Bg2 Nc6 5. f4 e5 6. fxe5 Nxe5 7. Nc3 Ne7 8. Nge2 d6 9. 0-0 0-0 10. Nf4 Rb8 11. Nfd5 Nxd5 12. Nxd5 Be6 13. Nf4 Bg4 14. Qe1 b5 15. Be3 b4 16. Qd2 a5 17. Nd5 Be6 18. Bg5 f6 19. Bf4 Bxd5 20. Bxe5 dxe5 21. exd5 h5 22. Qe3 Qd6 23. Qe4 f5 24. Qc4 Kh8 25. Rae1 Qb6 26. Kh1 Qb5 27. b3 Qxc4 28. bxc4 a4 29. Rb1 Bf6 30. Bf3 Kg7 31. Rfe1 Rh8 32. h4 Kf7 33. Kg2 Ke7 34. Kh3 Kd6 35. Rf1 Bd8 36. Bd1 Bc7 37. Be2 Ke7 38. Bf3 Bd6 39. Rf2 Kd7 40. Rff1 Kc7 41. Be2 Rbe8 42. Rbe1 Re7 43. Bf3 Rb8 44. Rb1 Rf8 45. Rbe1 Rg7 46. Rg1 g5 47. hxg5 Rxg5 48. Rg2 Rfg8 49. Reg1 Kd8 50. Bd1 Ke7 51. Be2 Kf6 52. Bf3 Rb8 53. Rf1 Ke7 54. Bd1 Rbg8 55. Rfg1 Kf6 56. Bf3 R8g7 57. Rf1 Kg6 58. Rfg1 Kh6 59. Bd1 Kg6 60. Bf3 Rg4 61. Bd1 Kf6 62. Bf3 R7g5 63. Rf1 Kg6 64. Rfg1 Rd4 65. Be2 e4 66. dxe4 Rxe4 67. Rf1 Kh6 68. Rf3 f4 69. Bd3 Re3 70. Rxe3 fxe3 71. g4 Re5 72. gxh5 Rxh5+ 73. Kg4 Rg5+ 1/2-1/2

[Event "EST-ch"]
[Site "Tallinn"]
[Date "2020.08.08"]
[Round "1"]
[White "Seeman, Tarvo"]
[Black "Kanep, Meelis"]
[Result "1/2-1/2"]
[WhiteElo "2410"]
[BlackElo "2450"]
[PlyCount "22"]
[EventDate "2020.08.08"]
[EventType "tourn"]
[EventRounds "9"]
[EventCountry "EST"]
[EventCategory "7"]
[SourceTitle "CBM 197 Extra"]
[Source "ChessBase"]
[SourceDate "2020.09.30"]
[SourceVersion "1"]
[SourceVersionDate "2020.09.30"]
[SourceQuality "1"]

1. c4 e6 2. g3 d5 3. Bg2 d4 4. Nf3 c5 5. 0-0 Nc6 6. e3 Nf6 7. exd4 cxd4 8. d3 Bd6 9. Na3 0-0 10. Re1 h6 11. Bd2 Re8 1/2-1/2

[Event "Viljandi Raud Memorial 54th"]
[Site "Viljandi"]
[Date "2020.07.12"]
[Round "9"]
[White "Meskovs, Nikita"]
[Black "Seeman, Tarvo"]
[Result "1/2-1/2"]
[WhiteElo "2582"]
[BlackElo "2415"]
[PlyCount "97"]
[EventDate "2020.07.06"]
[EventType "swiss"]
[EventRounds "9"]
[EventCountry "EST"]
[SourceTitle "CBM 197 Extra"]
[Source "ChessBase"]
[SourceDate "2020.09.30"]
[SourceVersion "1"]
[SourceVersionDate "2020.09.30"]
[SourceQuality "1"]

1. d4 Nf6 2. c4 g6 3. Nc3 Bg7 4. e4 d6 5. h3 0-0 6. Be3 Na6 7. g4 e5 8. d5 Nc5 9. f3 c6 10. Qd2 cxd5 11. cxd5 Bd7 12. Nge2 h5 13. b4 Na4 14. Nxa4 Bxa4 15. Nc3 Bd7 16. a4 Nh7 17. 0-0-0 h4 18. Kb2 Bf6 19. Rh2 Bg5 20. Rf2 Bxe3 21. Qxe3 Qg5 22. f4 exf4 23. Qxf4 Qxf4 24. Rxf4 Kg7 25. a5 Ng5 26. Rd4 Rac8 27. Kb3 Rc7 28. Rc4 Rfc8 29. Rxc7 Rxc7 30. Bg2 f6 31. Rf2 Nf7 32. Bf1 Ng5 33. Bg2 Nf7 34. Bf1 Ng5 35. Rf4 Kf7 36. Kc2 Ke7 37. Kd2 Rc8 38. Nd1 Nf7 39. Ne3 Ng5 40. Nc2 Ba4 41. Nd4 a6 42. Bg2 Rc7 43. Rf1 Rc4 44. Kd3 Rc8 45. Ra1 Bd7 46. Bf1 Rc7 47. Rb1 Ba4 48. Ra1 Bd7 49. Rb1 1/2-1/2

[Event "Viljandi Raud Memorial 54th"]
[Site "Viljandi"]
[Date "2020.07.08"]
[Round "4"]
[White "Seeman, Tarvo"]
[Black "Nyysti, Sampsa"]
[Result "0-1"]
[WhiteElo "2415"]
[BlackElo "2338"]
[PlyCount "77"]
[EventDate "2020.07.06"]
[EventType "swiss"]
[EventRounds "9"]
[EventCountry "EST"]
[SourceTitle "CBM 197 Extra"]
[Source "ChessBase"]
[SourceDate "2020.09.30"]
[SourceVersion "1"]
[SourceVersionDate "2020.09.30"]
[SourceQuality "1"]

1. Nf3 Nf6 2. c4 b6 3. g3 c5 4. Bg2 Bb7 5. 0-0 e6 6. Nc3 d6 7. d4 cxd4 8. Qxd4 Be7 9. Bg5 0-0 10. Rfd1 h6 11. Bxf6 Bxf6 12. Qf4 Na6 13. Rxd6 Qe7 14. Rad1 Rfd8 15. Rxd8+ Rxd8 16. Rxd8+ Qxd8 17. Ne5 g5 18. Qe3 Bxg2 19. Kxg2 Qc7 20. f4 gxf4 21. gxf4 Bxe5 22. fxe5 Qxc4 23. Qxh6 Qg4+ 24. Kf2 Qf5+ 25. Kg3 Qxe5+ 26. Qf4 Qg7+ 27. Qg4 f5 28. Qxg7+ Kxg7 29. Nb5 Nb4 30. Nxa7 Nxa2 31. Nc8 b5 32. Na7 b4 33. Nc6 Nc3 34. bxc3 b3 35. Nd4 b2 36. Nxe6+ Kf6 37. Nf4 b1Q 38. h3 Ke5 39. Nd3+ 0-1

[Event "FIN-chT 1920"]
[Site "Finland"]
[Date "2020.02.08"]
[Round "7.1"]
[White "Seeman, Tarvo"]
[Black "Nazarova, Anastasia"]
[Result "1-0"]
[WhiteElo "2395"]
[BlackElo "2158"]
[PlyCount "81"]
[EventDate "2019.09.14"]
[EventType "team-tourn"]
[EventRounds "11"]
[EventCountry "FIN"]
[SourceTitle "EXT 2022"]
[Source "ChessBase"]
[SourceDate "2021.10.06"]
[SourceVersion "1"]
[SourceVersionDate "2021.10.06"]
[SourceQuality "1"]
[WhiteTeam "Helsinki Aatos"]
[BlackTeam "Espoo MatSK II"]
[WhiteTeamCountry "FIN"]
[BlackTeamCountry "FIN"]

1. c4 e6 2. g3 Nf6 3. Bg2 d5 4. Nf3 dxc4 5. Qa4+ Bd7 6. Qxc4 c5 7. 0-0 Bc6 8. Nc3 Nbd7 9. e4 Be7 10. Qe2 0-0 11. d4 cxd4 12. Nxd4 Bc5 13. Nxc6 bxc6 14. Rd1 Qe7 15. Na4 e5 16. Nxc5 Nxc5 17. b3 Ne6 18. Bb2 Qc7 19. Bh3 Rfe8 20. Bxe6 Rxe6 21. Rac1 Nd7 22. Qa6 Nf8 23. Ba3 Qb6 24. Qc4 h5 25. h4 Rg6 26. Bc5 Qb7 27. Rd6 Qc8 28. Rxg6 Nxg6 29. Qe2 Qd8 30. Be3 Qa5 31. Rxc6 Qb4 32. Rc4 Qa5 33. Ra4 Qc7 34. Qxh5 Qc2 35. Qf3 a6 36. h5 Nf8 37. h6 g6 38. Rc4 Qxa2 39. Rc7 f5 40. exf5 Rd8 41. fxg6 1-0